| 000 | 00373nam a2200121Ia 4500 | ||
|---|---|---|---|
| 008 | 160609s9999 xx 000 0 und d | ||
| 100 | _aHolloway, John. | ||
| 245 | _aIllustrated Theatre Production Guide, Second Edition | ||
| 245 | _cBy:John Holloway | ||
| 260 | _c2010 | ||
| 650 | _xINTRODUCTION TO THEATRE ARTS | ||
| 856 | _uhttp://file.ebook777.com/016/9780240812045.pdf | ||
| 999 |
_c295641 _d295641 |
||